000 00544nam a2200157 a 4500
001 ASIN8172454570
005 20140924184817.0
008 140924s2009 xxu eng d
020 _a8172454570 (paperback)
020 _a9788172454579 (paperback)
100 1 _aBhalla, Prem P.
245 1 0 _a7 steps to effective public speaking /
_cPrem P. Bhalla.
260 _a[S.l.] :
_bGoodwill Publishing House,
_c2009.
300 _a1 v. (unpaged) ;
_c22 cm.
856 4 0 _3Amazon.com
_uhttp://www.amazon.com/exec/obidos/ASIN/8172454570/chopaconline-20
999 _c10333
_d10333